Statistiken für Deutsche Musiker nach Buchstabe - G

Klicken Sie hier um das Quiz zu spielen!

Allgemein

  • Dieses Quiz wurde 89 mal gespielt
  • Das Durchschnittsergebnis liegt bei 6 aus 20

Antwortstatistiken

Aktive JahreSongsAntwort% Korrekt
1978-Mensch | BochumGrönemeyer, Herbert
89%
2012-80 Millionen | Wenn sie tanztGiesinger, Max
85%
1979-1986, 1996-Bruttosozialprodukt | Pure Lust am LebenGeier Sturzflug
68%
2003-Geiles Leben | EchtGlasperlenspiel
68%
1959-1999Fiesta Mexicana | Speedy GonzalesGildo, Rex
45%
1968-2017Hey Boss – Ich brauch mehr Geld | Komm unter meine DeckeGabriel, Gunter
41%
2009-Lieb's oder lass es | Wünsch dir wasGenetikk
32%
2010-Wohin willst du | Unter meiner HautGestört aber GeiL
26%
1994–2006, 2009–Open Your Eyes | Lords Of The BordsGuano Apes
26%
1979-Sun of Jamaica | Seven TearsGoombay Dance Band
22%
2014-¿ Was hast du gedacht ? | DonutsGzuz
21%
2014-Tom's Diner | Wild StareGiant Rooks
18%
1976-Kreuzberger Nächte | Früh-StückGebrüder Blattschuss
16%
2003-Love Is You | Helden gesuchtGodoj, Thomas
16%
1999-Moonlight Shadow | God Is A GirlGroove Coverage
10%
2001-Wenn das Liebe ist | Haltet die Welt anGlashaus
9%
1981-Karl der Käfer | Schmetterlinge gibt’s nicht mehrGänsehaut
7%
1998-Superior | DevamGentleman
7%
2016-Gigi (Zkittlez) | Blue LagoonGringo
6%
2006-Nicht mal eine Stunde | Don’t Let It Get You DownGrosch, Mike Leon
2%

Verteilung der Resultate

Perzentil nach korrekt beantworteten Fragen

Anzahl Personen mit jedem Resultat

Ihre Resultats-Entwicklung

Sie haben dieses Quiz noch nicht gespielt